The Living room : a play in two acts.

Saved in:
Bibliographic Details
Main Author: Greene, Graham, 1904-
Format: Book
Language:English
Published: N.Y. : Viking Press, 1954.
LEADER 00650nam a22001811 4500
001 c000343554
003 CARM
005 00000000000000.0
008 851003s1954 nyu 0 eng d
019 1 |a 3958706  |5 LACONCORD2021 
035 |a (OCoLC)365961  |5 LACONCORD2021 
100 1 |a Greene, Graham,  |d 1904- 
245 1 4 |a The Living room :  |b a play in two acts. 
260 |a N.Y. :  |b Viking Press,  |c 1954. 
852 8 |b CARM  |h A1:AM34A0  |i A05053  |p 0432876  |f BK 
082 0 4 |a 822.9 
999 f f |i 7e01e2dd-0dc4-533f-ae9e-252f36da0c5c  |s 5653d6bc-80e2-58fb-ae35-f09b3ef4100a 
952 f f |p Can circulate  |a CAVAL  |b CAVAL  |c CAVAL  |d CARM 1 Store  |e A05053  |f A1:AM34A0  |h Other scheme  |i book  |m 0432876